000 00287nam a22001337a 4500
008 170912b xxu||||| |||| 00| 0 eng d
020 _a9781424082346
041 _aeng
080 _a53
100 _a43
101 _aFIZ
245 _aPHYSICAL GEOGRAPHY
_cGABLER,R.E
942 _2udc
_cBK
999 _c27256
_d27256